Flagi terytoriów zamorskich - Statystyki

Ogólne statystyki
  • Ten quiz został rozwiązany 99 razy
  • Średni wynik to 126 z 144
Statystyki odpowiedzi
Zagadnienie Komórka Select % Poprawnych
Grenlandia Tak
92%
Grenlandia Nie
92%
Grenlandia Nie
92%
Grenlandia Nie
92%
Grenlandia Nie
92%
Grenlandia Nie
92%
Grenlandia Nie
92%
Grenlandia Nie
92%
Grenlandia Nie
92%
Grenlandia Nie
92%
Grenlandia Nie
92%
Grenlandia Nie
92%
Aruba Nie
91%
Wyspa Man Nie
91%
Wyspa Man Nie
91%
Wyspa Man Nie
91%
Wyspa Man Nie
91%
Wyspa Man Nie
91%
Wyspa Man Nie
91%
Wyspa Man Nie
91%
Wyspa Man Nie
91%
Wyspa Man Nie
91%
Aruba Nie
90%
Aruba Nie
90%
Aruba Nie
90%
Aruba Nie
90%
Aruba Nie
90%
Aruba Nie
90%
Polinezja Francuska Nie
90%
Polinezja Francuska Nie
90%
Polinezja Francuska Nie
90%
Polinezja Francuska Nie
90%
Polinezja Francuska Nie
90%
Polinezja Francuska Nie
90%
Polinezja Francuska Nie
90%
Wyspa Man Nie
90%
Wyspa Man Tak
90%
Wyspa Man Nie
90%
Aruba Nie
88%
Aruba Nie
88%
Polinezja Francuska Nie
88%
Polinezja Francuska Nie
88%
Gujana Francuska Nie
88%
Gujana Francuska Nie
88%
Gujana Francuska Nie
88%
Gujana Francuska Nie
88%
Gujana Francuska Nie
88%
Gujana Francuska Nie
88%
Gujana Francuska Nie
88%
Gujana Francuska Nie
88%
Aruba Nie
87%
Aruba Nie
87%
Polinezja Francuska Nie
87%
Polinezja Francuska Nie
87%
Sint Maarten Nie
87%
Sint Maarten Nie
87%
Sint Maarten Nie
87%
Sint Maarten Nie
87%
Sint Maarten Nie
87%
Sint Maarten Nie
87%
Portoryko Nie
87%
Portoryko Tak
87%
Portoryko Nie
87%
Portoryko Nie
87%
Portoryko Nie
87%
Portoryko Nie
87%
Portoryko Nie
87%
Portoryko Nie
87%
Portoryko Nie
87%
Portoryko Nie
87%
Portoryko Nie
87%
Portoryko Nie
87%
Samoa Amerykańskie Nie
87%
Samoa Amerykańskie Nie
87%
Samoa Amerykańskie Nie
87%
Samoa Amerykańskie Nie
87%
Samoa Amerykańskie Nie
87%
Samoa Amerykańskie Nie
87%
Samoa Amerykańskie Nie
87%
Samoa Amerykańskie Nie
87%
Samoa Amerykańskie Nie
87%
Samoa Amerykańskie Nie
87%
Gujana Francuska Nie
87%
Wyspa Norfolk Nie
87%
Wyspa Norfolk Nie
87%
Wyspa Norfolk Nie
87%
Wyspa Norfolk Nie
87%
Wyspa Norfolk Nie
87%
Wyspa Norfolk Nie
87%
Nowa Kaledonia Nie
87%
Nowa Kaledonia Nie
87%
Nowa Kaledonia Nie
87%
Nowa Kaledonia Nie
87%
Nowa Kaledonia Nie
87%
Nowa Kaledonia Nie
87%
Nowa Kaledonia Nie
87%
Nowa Kaledonia Nie
87%
Sint Maarten Nie
86%
Sint Maarten Nie
86%
Wyspa Norfolk Nie
86%
Wyspa Norfolk Nie
86%
Wyspa Norfolk Nie
86%
Guernsey Nie
86%
Guernsey Nie
86%
Guernsey Nie
86%
Guernsey Nie
86%
Nowa Kaledonia Nie
86%
Nowa Kaledonia Nie
86%
Wyspy Alandzkie Nie
86%
Wyspy Alandzkie Nie
86%
Wyspy Alandzkie Nie
86%
Wyspy Alandzkie Nie
86%
Wyspy Alandzkie Nie
86%
Wyspy Alandzkie Nie
86%
Wyspy Alandzkie Nie
86%
Aruba Tak
85%
Sint Maarten Nie
85%
Sint Maarten Nie
85%
Sint Maarten Nie
85%
Samoa Amerykańskie Nie
85%
Samoa Amerykańskie Tak
85%
Gujana Francuska Nie
85%
Wyspa Norfolk Nie
85%
Guernsey Nie
85%
Guernsey Nie
85%
Guernsey Nie
85%
Guernsey Nie
85%
Guernsey Nie
85%
Guernsey Nie
85%
Nowa Kaledonia Nie
85%
Wyspy Alandzkie Nie
85%
Wyspy Alandzkie Nie
85%
Wyspy Alandzkie Nie
85%
Wyspy Alandzkie Nie
85%
Polinezja Francuska Tak
84%
Guernsey Nie
84%
Gujana Francuska Nie
83%
Nowa Kaledonia Tak
83%
Sint Maarten Tak
81%
Wyspa Norfolk Nie
81%
Wyspy Alandzkie Tak
81%
Gujana Francuska Tak
80%
Wyspa Norfolk Tak
78%
Guernsey Tak
78%
Nie znaleziono quizów pasujących do podanych kryteriów
Rozkład punktacji
Procent ludzi z każdym wynikiem
Percentyl według liczby udzielonych odpowiedzi
Twoja historia wyników
Nie rozwiązałeś tego quizu